[Event "Parana-ch"]
[Site "Maringa"]
[Date "2019.12.15"]
[Round "7"]
[White "Almeida Junior, Alvaro Alves de"]
[Black "Gonzalez, Bolivar Ribeiro"]
[Result "0-1"]
[WhiteElo "2137"]
[BlackElo "2221"]
[PlyCount "70"]
[EventDate "2019.12.12"]
[EventType "swiss"]
[EventRounds "7"]
[EventCountry "BRA"]
[SourceTitle "CBM 193 Extra"]
[Source "ChessBase"]
[SourceDate "2020.01.31"]
[SourceVersion "1"]
[SourceVersionDate "2020.01.31"]
[SourceQuality "1"]

1. e4 e5 2. Nf3 Nc6 3. Bc4 Nf6 4. 0-0 Nxe4 5. Nc3 Nxc3 6. dxc3 f6 7. Re1 d6 8. Nh4 g6 9. f4 Bg7 10. Qf3 f5 11. Qg3 Qe7 12. Bd5 Bd7 13. a4 0-0-0 14. b4 Bf6 15. Nf3 e4 16. Bd2 Qg7 17. Ng5 Ne7 18. Be6 h6 19. Bxd7+ Kxd7 20. Nh3 Nd5 21. Ra3 Nb6 22. Qf2 Nc4 23. Rb3 Rhe8 24. Be3 Bxc3 25. Rd1 Kc8 26. Qg3 d5 27. Bxa7 e3 28. Rdb1 Nd2 29. Rxc3 Qxc3 30. Re1 Nc4 31. Kf1 b6 32. a5 Kb7 33. axb6 cxb6 34. Bxb6 Nxb6 35. Qxg6 e2+ 0-1

[Event "American Continental 15th"]
[Site "Sao Paulo"]
[Date "2019.07.06"]
[Round "2"]
[White "Gonzalez, Bolivar Ribeiro"]
[Black "Di Berardino, Diego Rafael"]
[Result "1/2-1/2"]
[WhiteElo "2193"]
[BlackElo "2506"]
[PlyCount "122"]
[EventDate "2019.07.05"]
[EventType "swiss"]
[EventRounds "11"]
[EventCountry "BRA"]
[SourceTitle "CBM 191 Extra"]
[Source "ChessBase"]
[SourceDate "2019.09.30"]
[SourceVersion "1"]
[SourceVersionDate "2019.09.30"]
[SourceQuality "1"]

1. e4 e5 2. Nf3 Nc6 3. Bc4 Bc5 4. 0-0 Nf6 5. Nc3 d6 6. h3 h6 7. d3 g5 8. Nh2 Ne7 9. Be3 Bb6 10. d4 Bd7 11. a4 Ng6 12. a5 Bxd4 13. Bxd4 exd4 14. Qxd4 0-0 15. Nd5 Nxd5 16. Bxd5 Rb8 17. b4 a6 18. Rfe1 Qe7 19. Ra3 Qe5 20. Nf3 Qxd4 21. Nxd4 Rfe8 22. Rae3 Kg7 23. Nf3 Re7 24. Kh2 Nf4 25. Bc4 Rbe8 26. Bf1 f5 27. g3 Ng6 28. exf5 Rxe3 29. Rxe3 Rxe3 30. fxe3 Bxf5 31. Nd4 Bd7 32. c4 Ne5 33. b5 Kf6 34. Kg1 c5 35. bxc6 Bxc6 36. Be2 Be4 37. Nb3 Ke7 38. c5 Nc6 39. Bc4 dxc5 40. Nxc5 Nxa5 41. Bxa6 bxa6 42. Nxe4 Nb7 43. Kf2 Ke6 44. Kf3 Kd5 45. Nd2 Nd6 46. Kg4 a5 47. Kh5 Ne4 48. Nb1 Nxg3+ 49. Kxh6 Ne4 50. Kg6 Ke5 51. Na3 a4 52. Nc4+ Ke6 53. Na3 Kd5 54. Kf5 Nf2 55. Kxg5 Nxh3+ 56. Kg4 Nf2+ 57. Kf3 Ne4 58. Ke2 Kc5 59. Kd3 Nf2+ 60. Kc3 Nd1+ 61. Kd2 Nf2 1/2-1/2